banner-ar

مكملين / (Record no. 62235)

MARC details
000 -الفاتح
حقل البيانات ثابتة الطول 00725nam a2200205 4500
005 - وقت وتاريخ اخر تعامل مع التسجيلة
رقم الضبط 20240530110540.0
008 - عناصر البيانات ثابتة الطول - معلومات عامة
حقل البيانات ثابتة الطول 160507s2013 ua a|||g ||||f00| 0da d
020 ## - الرقم الدولى المعيارى للكتب
الرقم الدولى المعيارى للكتاب 9789774481857
040 ## - مصدر الفهرسة
وكالة الفهرسة الأصلية EG-CaGPL
082 04 - رقم تصنيف ديوى العشرى
رقم التصنيف 741.6 /
رقم المادة ش م
رقم الطبعة 21
100 0# - المدخل الرئيسى - إسم شخصى
الإسم الشخصى شريف عبدالمجيد
245 10 - بيان العنوان
العنوان مكملين /
بيان المسئوليه,etc شريف عبدالمجيد.
246 34 - العنوان الموازى
عنوان صحيح/عنوان مختصر حكاية ثورة الجرافيتي 2
260 ## - PUBLICATION, DISTRIBUTION, ETC. (IMPRINT)
تاريخ النشر أو التوزيع 2013.
300 ## - الوصف المادى
التعداد 104 ص :
تفاصيل ماديه اخرى للوعاء ايض ؛
أبعاد الوعاء 21 سم.
650 04 - المدخل الاضافى بالموضوع-مصطلح موضوعى
مصطلح موضوعي الرسوم الجرافيتية
651 04 - المدخل الاضافى بالموضوع - اسم جغرافى
الاسم الجغرافي مصر
التقسيم الفرعي العام تاريخ
التقسيم الفرعي الزمني ثورة 25 يناير 2011
942 ## - عناصر المدخل الإضافي( كوها)
مصدر التصنيف او مخطط الترفيف Dewey Decimal Classification
Koha [default] item type كتاب
260 ## - PUBLICATION, DISTRIBUTION, ETC. (IMPRINT)
-- القاهرة :
-- الهيئة المصرية العامة للكتاب،
Holdings
حالة التراجع حالة الفقد حالة تلف ليس للاعارة المكان المؤقت الموقع الحالى تاريخ الاكتساب اجمالي اﻻعارات رقم الطلب الباركود تاريخ اخر مشاهدة تاريخ تفعيل السعر نوع وعاء كوها
        مكتبة القاهرة الكبرى مكتبة القاهرة الكبرى 05/07/2016   741.6 / ش م 161897 05/07/2016 05/07/2016 كتاب

Powered By

EGPV